Länder mit VW-Standorten - Statistiken

Allgemein
  • Dieses Quiz wurde 61 mal gespielt
  • Das Durchschnittsergebnis liegt bei 24 aus 32
Antwortstatistiken
Anzahl Länder % Korrekt
38 Deutschland
100%
37 China
98%
11 Vereinigte Staaten von Amerika
98%
5 Polen
93%
2 Frankreich
91%
6 Spanien
91%
1 Japan
89%
5 Mexiko
89%
2 Österreich
89%
1 Schweiz
89%
6 Brasilien
87%
2 Italien
87%
7 Indien
85%
3 Schweden
85%
2 Portugal
83%
1 Vereinigtes Königreich
83%
5 Tschechien
81%
1 Türkei
81%
3 Argentinien
80%
1 Belgien
76%
2 Niederlande
76%
2 Dänemark
72%
4 Südafrika
69%
1 Slowakei
65%
1 Kroatien
61%
3 Ungarn
57%
1 Thailand
50%
1 Estland
44%
1 Israel
44%
1 Bosnien und Herzigowina
33%
2 Malaysia
24%
1 Singapur
17%
Keine übereinstimmenden Quizze gefunden
Verteilung der Resultate
Anzahl Personen mit jedem Resultat
Perzentil nach korrekt beantworteten Fragen
Ihre Resultats-Entwicklung
Sie haben dieses Quiz noch nicht gespielt